Vector mechanics for engineers (Record no. 4856)

000 -LEADER
fixed length control field 00594nam a2200217 a 4500
001 - CONTROL NUMBER
control field 4856
003 - CONTROL NUMBER IDENTIFIER
control field BD-DhUET
008 - FIXED-LENGTH DATA ELEMENTS--GENERAL INFORMATION
fixed length control field 840307s1984 nyua 001 0 eng
020 ## - INTERNATIONAL STANDARD BOOK NUMBER
International Standard Book Number 0070044384
040 ## - CATALOGING SOURCE
Original cataloging agency DLC
Transcribing agency DLC
Modifying agency BD-DhUET
082 00 - DEWEY DECIMAL CLASSIFICATION NUMBER
Classification number 620.1
Item number BEE/1984
100 ## - MAIN ENTRY--PERSONAL NAME
Personal name Beer, Ferdinand P.
245 10 - TITLE STATEMENT
Title Vector mechanics for engineers
Remainder of title statics and dynamics
250 ## - EDITION STATEMENT
Edition statement 4th ed.
260 ## - PUBLICATION, DISTRIBUTION, ETC. (IMPRINT)
Place of publication, distribution, etc. New York
Name of publisher, distributor, etc. McGraw-Hill
Date of publication, distribution, etc. 1984
300 ## - PHYSICAL DESCRIPTION
Extent xxi, 926 p.
Other physical details ill.
Dimensions 24 cm.
504 ## - BIBLIOGRAPHY, ETC. NOTE
Bibliography, etc Includes bibliographies
650 #0 - SUBJECT ADDED ENTRY--TOPICAL TERM
Topical term or geographic name as entry element Engineering instruments
700 1# - ADDED ENTRY--PERSONAL NAME
Personal name Johnston, E. Russell
942 ## - ADDED ENTRY ELEMENTS (KOHA)
Koha item type General Book
Holdings
Withdrawn status Sublocation or collection (holding branch) Not for loan Shelving location Koha issues (times borrowed) Koha normalized classification for sorting Date acquired Koha date last borrowed Damaged status Price effective from Koha date last seen Piece designation (barcode) Koha item type Source of classification or shelving scheme Lost status Location (home branch) Copy number Koha full call number
 Central Library, BUET Circulation section 620_100000000000000_BEE_19842014-11-23  2014-11-232015-12-0866051General Book  Central Library, BUET1620.1/BEE/1984
 Central Library, BUET Circulation section2620_000000000000000_1BEE19842014-11-242022-06-12 2014-11-242022-06-2066042General Book  Central Library, BUET1620.1/BEE/1984
 Central Library, BUET Circulation section4620_100000000000000_BEE_19842014-11-292023-01-10 2014-11-292023-06-0766086General Book  Central Library, BUET1620.1/BEE/1984
 Central Library, BUET Circulation section1620_100000000000000_BEE_19842014-12-112025-04-30 2014-12-112025-05-2866044General Book  Central Library, BUET49620.1 /BEE/1984
 Central Library, BUET Circulation section 620_100000000000000_BEE_19842014-12-11  2014-12-112015-02-2366012General Book  Central Library, BUET1620.1/BEE/1984
 Central Library, BUET Circulation section 620_100000000000000_BEE_19842015-01-19  2015-01-192015-12-2266043General Book  Central Library, BUET6620.1/BEE/1984
 Central Library, BUET Circulation section1620_100000000000000_BEE_19842015-02-162022-11-21 2015-02-162022-12-1381336General Book  Central Library, BUET7620.1/BEE/1984
 Central Library, BUET Circulation section1620_100000000000000_BEE_19842015-04-012018-04-18 2015-04-012018-04-3066048General Book  Central Library, BUET1620.1/BEE/1984
 Central Library, BUET Reading section 620_100000000000000_BEE_19842015-06-21  2015-06-212015-06-2166015Reading Item  Central Library, BUET9620.1/BEE/1984
 Central Library, BUET Reading section 620_100000000000000_BEE_19842015-06-22  2015-06-222015-06-2266014General Book  Central Library, BUET10620.1/BEE/1984
 Central Library, BUET Reading section 620_100000000000000_BEE_19842015-06-22  2015-06-222015-06-2266013General Book  Central Library, BUET11620.1/BEE/1984
 Central Library, BUET Reading section 620_010000000000000_BEE_19842015-06-29  2015-06-292015-06-2966095Reading Item  Central Library, BUET12620.01/BEE/1984
 Central Library, BUET Circulation section 620_100000000000000_BEE_19842015-07-28  2015-07-282015-07-2875502General Book  Central Library, BUET13620.1/BEE/1984